000
00343nam a2200157Ia 4500
008
240830s1960 xx 000 0 und d
041
_a
mar
082
_a
1
100
_a
KALOKHE
245
_a
AGNIMADYA (DYSPEPSIA)
250
_a
1
260
_b
N.D.
_c
1960
300
_a
100p
906
_a
AGNIMADYA (DYSPEPSIA)
999
_c
1183898
_d
1183898